|
|
|
|
| LEADER |
00644nab a2200181 i 4500 |
| 001 |
univ12444 |
| 005 |
20250102152107.0 |
| 008 |
171129s1967 hu o 000 hun d |
| 022 |
|
|
|a 0230-791X
|
| 040 |
|
|
|a SZTE UnivHistória Repozitórium
|b hun
|
| 041 |
|
|
|a hun
|
| 245 |
0 |
2 |
|a A József Attila Tudományegyetem KISZ-küldötteinek tanácskozása
|h [elektronikus dokumentum]
|
| 260 |
|
|
|c 1967
|
| 300 |
|
|
|a 3
|
| 490 |
0 |
|
|a Szegedi Egyetem
|v 5 No. 10
|
| 561 |
|
|
|a Egyetemi, hallgatói élet
|
| 695 |
|
|
|a KISZ, Hevér László, Végrehajtó bizottság, Küldöttgyűlés
|
| 856 |
4 |
0 |
|u http://univ.bibl.u-szeged.hu/12444/1/sze_1967_010_003.pdf
|z Dokumentum-elérés
|